00409nam a2200157Ia 45000010006000000050017000060080041000230410008000640820016000721000055000882450055001432600009001983000028002076500008002356540008002431563020260306170210.0260306t2010||||xx |||||||||||||| ||und|| aESP a551.6bC24B aFundación Manuel J. Bustamante de la FuenteeAUT 0aCambio climático en el Perú:bregiones del sur c2010 a124 páginas :c26 cm. aGEN aCIA